[Event "Bhubaneswar op-A 14th"]
[Site "Bhubaneswar"]
[Date "2023.06.16"]
[Round "8"]
[White "Aniket, Narayan Biswas"]
[Black "Mandal, Sanjeeban"]
[Result "0-1"]
[WhiteElo "1724"]
[BlackElo "1426"]
[PlyCount "60"]
[EventDate "2023.06.11"]
[EventType "swiss"]
[EventRounds "10"]
[EventCountry "IND"]
[SourceTitle "CBM 214 Extra"]
[Source "ChessBase"]
[SourceDate "2023.07.31"]
[SourceVersion "1"]
[SourceVersionDate "2023.07.31"]
[SourceQuality "1"]

1. e4 e5 2. Nf3 Nc6 3. Bb5 Nf6 4. Nc3 g6 5. Bxc6 dxc6 6. h3 Bg7 7. d3 0-0 8. Be3 b6 9. Qd2 Be6 10. Bh6 c5 11. Bxg7 Kxg7 12. d4 b5 13. Qe3 b4 14. Ne2 a5 15. 0-0 h6 16. Nxe5 Qd6 17. f4 Kh7 18. Ng3 Rg8 19. f5 gxf5 20. Nxf5 Bxf5 21. Rxf5 Qe6 22. Raf1 Rg7 23. R1f2 Rag8 24. g4 a4 25. R2f4 Rg5 26. Kh2 b3 27. cxb3 axb3 28. a3 R8g7 29. Qc3 Nh5 30. Rf3 f6 0-1